[Event "ESP-ch U18"]
[Site "Salobrena"]
[Date "2022.08.02"]
[Round "3"]
[White "Bagur Moll, Guillem Uriel"]
[Black "Jimenez Fernandez, Rebeca"]
[Result "0-1"]
[WhiteElo "1696"]
[BlackElo "1908"]
[PlyCount "54"]
[EventDate "2022.08.01"]
[EventType "swiss"]
[EventRounds "9"]
[EventCountry "ESP"]
[SourceTitle "EXT 2023"]
[Source "ChessBase"]
[SourceDate "2022.10.05"]
[SourceVersion "1"]
[SourceVersionDate "2022.10.05"]
[SourceQuality "1"]

1. c4 e5 2. Nc3 Nc6 3. g3 g6 4. Bg2 Bg7 5. Nf3 d6 6. 0-0 h6 7. Rb1 g5 8. d3 f5 9. Nd5 Nce7 10. Nd2 c6 11. Nxe7 Nxe7 12. b4 0-0 13. b5 Qc7 14. Ba3 c5 15. Bb2 f4 16. Ne4 Be6 17. Nc3 Qd7 18. Nd5 Bxd5 19. Bxd5+ Nxd5 20. cxd5 Rf7 21. Kg2 Raf8 22. f3 g4 23. Bc1 Qf5 24. fxg4 Qxg4 25. e4 f3+ 26. Kg1 f2+ 27. Kg2 Qxd1 0-1

[Event "ESP-ch U16"]
[Site "Salobrena"]
[Date "2021.07.19"]
[Round "1"]
[White "Garrido Diaz, Ernesto"]
[Black "Bagur Moll, Guillem Uriel"]
[Result "1/2-1/2"]
[WhiteElo "1981"]
[BlackElo "1597"]
[PlyCount "100"]
[EventDate "2021.07.19"]
[EventType "swiss"]
[EventRounds "9"]
[EventCountry "ESP"]
[SourceTitle "EXT 2022"]
[Source "ChessBase"]
[SourceDate "2021.10.06"]
[SourceVersion "1"]
[SourceVersionDate "2021.10.06"]
[SourceQuality "1"]

1. e4 e6 2. d4 d5 3. Nd2 Nf6 4. e5 Nfd7 5. f4 c5 6. Ngf3 Nc6 7. Nb3 c4 8. Nbd2 Qa5 9. c3 b5 10. Be2 b4 11. Nb1 Nb6 12. 0-0 Ba6 13. Kh1 Bb5 14. g4 Ba4 15. Qd2 Bb3 16. a3 bxc3 17. bxc3 Qa4 18. f5 h6 19. Qf4 exf5 20. gxf5 0-0-0 21. Be3 f6 22. Nh4 Bc2 23. Ng6 Rg8 24. Nd2 Qa5 25. Rfc1 Bb3 26. Nxf8 Rgxf8 27. e6 Na4 28. Nb1 Ne7 29. Bf2 Qc7 30. Qg4 h5 31. Qf3 g5 32. fxg6 Nxg6 33. Bg3 Qe7 34. Qf5 h4 35. Bf2 Rg8 36. Bh5 Nf8 37. Bxh4 Qxe6 38. Qxe6+ Nxe6 39. Bf7 Nf4 40. Bxg8 Rxg8 41. Bxf6 Nd3 42. Rf1 Bd1 43. Ra2 Nab2 44. Rxb2 Nxb2 45. h4 Nd3 46. Kh2 Be2 47. Rf5 Ne1 48. Rf2 Nf3+ 49. Kh3 Ng1+ 50. Kh2 Nf3+ 1/2-1/2

[Event "Balears-ch U14"]
[Site "Eivissa"]
[Date "2018.05.05"]
[Round "4.5"]
[White "Vives Morey, Tofol"]
[Black "Bagur Moll, Guillem Uriel"]
[Result "0-1"]
[WhiteElo "1078"]
[BlackElo "1343"]
[PlyCount "69"]
[EventDate "2018.05.04"]
[EventType "swiss"]
[EventRounds "5"]
[EventCountry "ESP"]
[SourceTitle "EXT 2024"]
[Source "ChessBase"]
[SourceDate "2023.10.10"]
[SourceVersion "1"]
[SourceVersionDate "2023.10.10"]
[SourceQuality "1"]

1. c4 c5 2. Nc3 Nf6 3. d3 Nc6 4. g3 g6 5. Bg2 Bg7 6. Nf3 0-0 7. 0-0 Rb8 8. Be3 d6 9. Qd2 a6 10. d4 cxd4 11. Nxd4 Bd7 12. Rab1 Nxd4 13. Bxd4 Bc6 14. b4 Bxg2 15. Kxg2 Rc8 16. Qd3 Qc7 17. Rfc1 Qc6+ 18. f3 Qxc4 19. Qxc4 Rxc4 20. Bf2 Rfc8 21. Rb3 Kf8 22. e4 d5 23. Bc5 dxe4 24. fxe4 Nxe4 25. Ne2 Rxc1 26. Nxc1 b6 27. Be3 b5 28. Ne2 Nc3 29. Kf3 Nxe2 30. Kxe2 Rc2+ 31. Bd2 Rxa2 32. Rd3 Bh6 33. Kd1 Rxd2+ 34. Rxd2 Bxd2 35. Kxd2 0-1